[Event "TCh-FRA Top 12 2018"]
[Site "Brest FRA"]
[Date "2018.05.28"]
[Round "3.5"]
[Board "8"]
[White "Libiszewski, Fabien"]
[Black "Manouck, Thierry"]
[Result "1/2-1/2"]
[WhiteTitle "GM"]
[BlackTitle "IM"]
[WhiteElo "2504"]
[BlackElo "2195"]
[WhiteTeam "GRASSE Echecs"]
[BlackTeam "Evry Grand Roque"]
[WhiteFideId "616834"]
[BlackFideId "600873"]
[EventDate "2018.05.26"]

1. e4 c6 2. d4 d5 3. e5 Bf5 4. Nf3 e6 5. Be2 c5 6. O-O Nc6 7. Be3 Qb6 8. Nc3
Qxb2 9. Qe1 cxd4 10. Nxd4 Bb4 11. Nxf5 Bxc3 12. Nd6+ Kf8 13. Rb1 Qxc2 14. Rc1
Bxe1 15. Rxc2 d4 16. Rxe1 dxe3 17. f4 Nge7 18. Bf3 g5 19. fxg5 Nxe5 20. Rxe3 Rd8
21. Rxe5 Rxd6 22. Bxb7 h6 23. gxh6 Rxh6 24. Ra5 Rd1+ 25. Kf2 Rxh2 26. Rxa7 Rhh1
27. Bf3 Rhf1+ 28. Ke2 Rfe1+ 29. Kf2 Rf1+ 30. Ke2 1/2-1/2

[Event "TCh-FRA Top 12 2018"]
[Site "Brest FRA"]
[Date "2018.05.28"]
[Round "3.6"]
[Board "1"]
[White "Rodshtein, Maxim"]
[Black "Lagarde, Maxime"]
[Result "1/2-1/2"]
[WhiteTitle "GM"]
[BlackTitle "GM"]
[WhiteElo "2678"]
[BlackElo "2604"]
[WhiteTeam "BISCHWILLER"]
[BlackTeam "NICE Alekhine"]
[WhiteFideId "2806851"]
[BlackFideId "662399"]
[EventDate "2018.05.26"]

1. d4 f5 2. g3 Nf6 3. Bg2 g6 4. Nh3 d6 5. O-O Bg7 6. c3 c6 7. Nd2 O-O 8. Qb3+
Kh8 9. Ng5 d5 10. c4 e6 11. Ndf3 h6 12. Nh3 g5 13. Ne5 Qe8 14. f4 g4 15. Nf2
Nbd7 16. Bd2 Ne4 17. Bb4 Rg8 18. Bxe4 dxe4 19. Bd6 Nf6 20. Nd1 b6 21. Ne3 Bb7
22. Qa3 Nd7 23. Rad1 Kh7 24. Kf2 Nf6 25. Rh1 Rd8 26. Qxa7 Rxd6 27. Qxb7 Nd7 28.
Qc7 Qb8 29. Qxb8 Rxb8 30. b4 c5 31. Nc2 cxd4 32. Rxd4 Rxd4 33. Nxd4 Nxe5 34.
fxe5 Rc8 35. Rc1 Bxe5 36. Ke3 Ra8 37. Rc2 Ra3+ 38. Nb3 Ra4 39. c5 bxc5 40. Rxc5
Bd6 41. Ra5 Rxb4 42. Ra6 Be5 43. Rxe6 Rb5 44. Ra6 h5 45. Nd4 Bxd4+ 46. Kxd4 Rb1
47. Ke5 Re1 48. Kxf5 Rxe2 49. Ra7+ 1/2-1/2

[Event "TCh-FRA Top 12 2018"]
[Site "Brest FRA"]
[Date "2018.05.28"]
[Round "3.6"]
[Board "2"]
[White "Eljanov, Pavel"]
[Black "Ragger, Markus"]
[Result "1/2-1/2"]
[WhiteTitle "GM"]
[BlackTitle "GM"]
[WhiteElo "2702"]
[BlackElo "2672"]
[WhiteTeam "NICE Alekhine"]
[BlackTeam "BISCHWILLER"]
[WhiteFideId "14102951"]
[BlackFideId "1610856"]
[EventDate "2018.05.26"]

1. Nf3 Nf6 2. c4 c5 3. Nc3 d5 4. cxd5 Nxd5 5. e3 e6 6. Bb5+ Bd7 7. Be2 Nc6 8.
O-O Be7 9. d4 cxd4 10. Nxd5 exd5 11. exd4 O-O 12. Ne5 Bf5 13. Be3 Bf6 14. Nxc6
bxc6 15. Bd3 Bxd3 16. Qxd3 Qb6 17. Rfc1 Rfe8 18. Qc3 1/2-1/2

[Event "TCh-FRA Top 12 2018"]
[Site "Brest FRA"]
[Date "2018.05.28"]
[Round "3.6"]
[Board "3"]
[White "Naiditsch, Arkadij"]
[Black "Demuth, Adrien"]
[Result "1-0"]
[WhiteTitle "GM"]
[BlackTitle "GM"]
[WhiteElo "2697"]
[BlackElo "2542"]
[WhiteTeam "BISCHWILLER"]
[BlackTeam "NICE Alekhine"]
[WhiteFideId "4650891"]
[BlackFideId "642274"]
[EventDate "2018.05.26"]

1. e4 e6 2. d4 d5 3. Nc3 Bb4 4. e5 c5 5. a3 Bxc3+ 6. bxc3 Ne7 7. a4 Qa5 8. Bd2
Nbc6 9. Nf3 O-O 10. Bd3 f6 11. exf6 Rxf6 12. c4 Qc7 13. dxc5 Ne5 14. Bc3 Nxf3+
15. gxf3 d4 16. Bxd4 e5 17. Be3 Bf5 18. Bg5 Rf7 19. Bxe7 Qxe7 20. Bxf5 Rxf5 21.
Qd6 Qe8 22. Qd5+ Rf7 23. Rd1 Qxa4 24. O-O Qxc2 25. Rd3 h6 26. Re1 Re8 27. Kg2
Re7 28. Re4 Kh7 29. Rg4 Qa4 30. Qe4+ Kg8 31. Rd6 Kh8 32. c6 Rf8 33. cxb7 Qb4 34.
Rc6 Qxb7 35. Rgg6 Qd7 36. Qh4 Kg8 37. c5 Qd5 38. Rg3 Qxc6 39. Qxe7 Qf6 40. Qxa7
Rf7 41. Qa8+ Rf8 42. Qe4 Rd8 43. c6 Qe7 44. f4 Qc5 45. fxe5 Rd4 46. Qg6 Qxe5 47.
Re3 Qd5+ 48. Kg3 1-0

[Event "TCh-FRA Top 12 2018"]
[Site "Brest FRA"]
[Date "2018.05.28"]
[Round "3.6"]
[Board "5"]
[White "Bacrot, Etienne"]
[Black "Wagner, Dennis"]
[Result "1/2-1/2"]
[WhiteTitle "GM"]
[BlackTitle "GM"]
[WhiteElo "2714"]
[BlackElo "2567"]
[WhiteTeam "BISCHWILLER"]
[BlackTeam "NICE Alekhine"]
[WhiteFideId "605506"]
[BlackFideId "24650684"]
[EventDate "2018.05.26"]

1. e4 e5 2. Nf3 Nc6 3. Bb5 a6 4. Ba4 Nf6 5. O-O Nxe4 6. d4 b5 7. Bb3 d5 8. dxe5
Be6 9. Be3 Be7 10. c3 O-O 11. Nbd2 Qd7 12. Bc2 Nxd2 13. Bxd2 Bf5 14. Re1 Rfe8
15. Qb1 Bxc2 16. Qxc2 Nd8 17. Bg5 Bf8 18. Rad1 Ne6 19. Bh4 a5 20. Qd3 c6 21. Nd4
a4 22. Nf5 Nf4 23. Qc2 Qc7 24. g3 Ng6 25. f4 Qd7 26. Kh1 Rab8 1/2-1/2

[Event "TCh-FRA Top 12 2018"]
[Site "Brest FRA"]
[Date "2018.05.28"]
[Round "3.6"]
[Board "6"]
[White "Gharamian, Tigran"]
[Black "Pelletier, Yannick"]
[Result "1/2-1/2"]
[WhiteTitle "GM"]
[BlackTitle "GM"]
[WhiteElo "2614"]
[BlackElo "2550"]
[WhiteTeam "NICE Alekhine"]
[BlackTeam "BISCHWILLER"]
[WhiteFideId "13301527"]
[BlackFideId "1301837"]
[EventDate "2018.05.26"]

1. e4 c5 2. Nf3 e6 3. d4 cxd4 4. Nxd4 Nc6 5. Nc3 Qc7 6. g4 a6 7. h4 b5 8. Nxc6
Qxc6 9. Bg2 Bb7 10. a3 Bc5 11. Bf4 Ne7 12. h5 O-O 13. h6 g6 14. Qd2 f6 15. O-O-O
e5 16. Be3 Rad8 17. Rh3 g5 18. Nd5 Bxe3 19. Rxe3 Qd6 20. Nxe7+ Qxe7 21. Rd3 Rf7
22. Qa5 Qf8 23. Qb6 d6 24. Rxd6 Rxd6 25. Qxd6 Qxh6 26. Qb8+ Kg7 27. Rh1 Qg6 28.
f3 Rd7 29. Rd1 Qf7 30. Bf1 Rxd1+ 31. Kxd1 Qd7+ 32. Ke1 Qc6 1/2-1/2

[Event "TCh-FRA Top 12 2018"]
[Site "Brest FRA"]
[Date "2018.05.28"]
[Round "3.6"]
[Board "7"]
[White "Maze, Sebastien"]
[Black "Rambaldi, Francesco"]
[Result "1/2-1/2"]
[WhiteTitle "GM"]
[BlackTitle "GM"]
[WhiteElo "2615"]
[BlackElo "2556"]
[WhiteTeam "BISCHWILLER"]
[BlackTeam "NICE Alekhine"]
[WhiteFideId "613762"]
[BlackFideId "20657307"]
[EventDate "2018.05.26"]

1. e4 e5 2. Nf3 Nc6 3. Bb5 Nf6 4. d3 Bc5 5. Nbd2 Nd4 6. Nxd4 Bxd4 7. Nf3 Bb6 8.
Ba4 O-O 9. Bg5 d6 10. Bb3 Be6 11. Qd2 Qe7 12. O-O h6 13. Bh4 Bg4 14. Rae1 Kh7
15. Kh1 Bxf3 16. gxf3 Qd7 17. Bxf6 Qh3 18. Qe2 gxf6 19. Rg1 f5 20. Rg3 Qh5 21.
exf5 Rg8 22. d4 Bxd4 23. c3 Bb6 24. f6 Rxg3 25. fxg3 Qg5 26. Qe4+ Kg8 27. Qxb7
Rd8 28. Qd5 Qxf6 29. Kg2 Rc8 30. Qc6 Rd8 31. Re4 Kf8 32. Qd5 Rc8 33. Qc6 Rd8 34.
Bc4 Ke7 35. Bd5 h5 36. a4 Rg8 37. Qc4 Qh6 38. f4 h4 39. fxe5 hxg3 40. exd6+ Kd8
41. hxg3 Qd2+ 42. Re2 Qd1 43. Qh4+ Kc8 44. d7+ Kxd7 45. Bc4 Qg1+ 46. Kh3 Kc8 47.
Rg2 Qh1+ 48. Rh2 Qg1 49. Rg2 Qh1+ 50. Rh2 Qg1 1/2-1/2

[Event "TCh-FRA Top 12 2018"]
[Site "Brest FRA"]
[Date "2018.05.28"]
[Round "3.6"]
[Board "8"]
[White "Bollengier, Andreea"]
[Black "Maisuradze, Nino"]
[Result "1/2-1/2"]
[WhiteTitle "WIM"]
[BlackTitle "WGM"]
[WhiteElo "2260"]
[BlackElo "2172"]
[WhiteTeam "NICE Alekhine"]
[BlackTeam "BISCHWILLER"]
[WhiteFideId "1203347"]
[BlackFideId "13601717"]
[EventDate "2018.05.26"]

1. c4 c5 2. Nf3 Nc6 3. g3 g6 4. Bg2 Bg7 5. O-O e5 6. Nc3 d6 7. d3 Nge7 8. Rb1
O-O 9. a3 a5 10. Ne1 Be6 11. Nd5 Rb8 12. Bg5 h6 13. Nxe7+ Nxe7 14. Bxe7 Qxe7 15.
Nc2 b5 16. b3 a4 17. Ne3 axb3 18. Rxb3 Qa7 19. Rxb5 Qxa3 20. Qa1 Qxa1 21. Rxa1
e4 22. Ra6 exd3 23. exd3 Be5 24. Rxb8 Rxb8 25. Ra8 Rxa8 26. Bxa8 Kg7 27. Kf1 f5
28. f4 Bd4 29. Ke2 g5 30. h3 Bxe3 1/2-1/2

[Event "TCh-FRA Top 12 2018"]
[Site "Brest FRA"]
[Date "2018.05.29"]
[Round "4.1"]
[Board "1"]
[White "Kryvoruchko, Yuriy"]
[Black "Jobava, Baadur"]
[Result "1-0"]
[WhiteTitle "GM"]
[BlackTitle "GM"]
[WhiteElo "2705"]
[BlackElo "2663"]
[WhiteTeam "GRASSE Echecs"]
[BlackTeam "Tremblay en France"]
[WhiteFideId "14109182"]
[BlackFideId "13601520"]
[EventDate "2018.05.26"]

1. e4 c6 2. d4 d5 3. e5 Bf5 4. Nf3 e6 5. Be2 Nd7 6. O-O f6 7. c4 fxe5 8. dxe5
Bc5 9. Nc3 Ne7 10. Na4 b6 11. Bd2 a5 12. a3 dxc4 13. Bxc4 O-O 14. Bg5 Qe8 15.
Nxc5 Nxc5 16. Bxe7 Qxe7 17. Nd4 b5 18. Ba2 Kh8 19. Rc1 Be4 20. Qg4 Rad8 21. Nxe6
Nxe6 22. Qxe4 Nc5 23. Qe3 Nd3 24. Rxc6 Nxf2 25. h3 Nd1 26. Rxf8+ Qxf8 27. Qc5
Nxb2 28. Qxf8+ Rxf8 1-0

[Event "TCh-FRA Top 12 2018"]
[Site "Brest FRA"]
[Date "2018.05.29"]
[Round "4.1"]
[Board "3"]
[White "Hera, Imre Jr."]
[Black "Piorun, Kacper"]
[Result "1/2-1/2"]
[WhiteTitle "GM"]
[BlackTitle "GM"]
[WhiteElo "2620"]
[BlackElo "2633"]
[WhiteTeam "GRASSE Echecs"]
[BlackTeam "Tremblay en France"]
[WhiteFideId "716855"]
[BlackFideId "1130420"]
[EventDate "2018.05.26"]

1. d4 Nf6 2. Nf3 e6 3. g3 d5 4. Bg2 b5 5. O-O Be7 6. Nbd2 O-O 7. Ne5 Bb7 8. Nb3
a5 9. a4 b4 10. c4 bxc3 1/2-1/2

[Event "TCh-FRA Top 12 2018"]
[Site "Brest FRA"]
[Date "2018.05.29"]
[Round "4.1"]
[Board "4"]
[White "Abergel, Thal"]
[Black "Libiszewski, Fabien"]
[Result "1/2-1/2"]
[WhiteTitle "GM"]
[BlackTitle "GM"]
[WhiteElo "2429"]
[BlackElo "2504"]
[WhiteTeam "Tremblay en France"]
[BlackTeam "GRASSE Echecs"]
[WhiteFideId "614890"]
[BlackFideId "616834"]
[EventDate "2018.05.26"]

1. e4 e6 2. d4 d5 3. Nc3 Nf6 4. e5 Nfd7 5. f4 c5 6. Nf3 Nc6 7. Be3 cxd4 8. Nxd4
Bc5 9. Qd2 O-O 10. O-O-O a6 11. Kb1 Nxd4 12. Bxd4 b5 13. Bxc5 Nxc5 14. Qe3 Qc7
15. Bd3 Bb7 16. Ne2 Rac8 17. Nd4 Ne4 18. c3 Qb6 19. Bxe4 dxe4 20. Nf5 Qxe3 21.
Nxe3 f6 22. Rd7 Bc6 23. Rd6 fxe5 24. fxe5 Rf2 25. Re1 Kf7 26. Rf1 Rxf1+ 27. Nxf1
Ke7 28. Ne3 a5 29. b4 axb4 30. cxb4 Bd7 31. Kb2 Rf8 32. Rd2 h5 33. Kc3 Rc8+ 34.
Kd4 1/2-1/2

[Event "TCh-FRA Top 12 2018"]
[Site "Brest FRA"]
[Date "2018.05.29"]
[Round "4.1"]
[Board "5"]
[White "Apicella, Manuel"]
[Black "Bellaiche, Anthony"]
[Result "1/2-1/2"]
[WhiteTitle "GM"]
[BlackTitle "IM"]
[WhiteElo "2513"]
[BlackElo "2459"]
[WhiteTeam "GRASSE Echecs"]
[BlackTeam "Tremblay en France"]
[WhiteFideId "600164"]
[BlackFideId "615668"]
[EventDate "2018.05.26"]

1. e4 c5 2. Nf3 e6 3. c3 d5 4. e5 d4 5. Bd3 Nc6 6. O-O Nge7 7. Na3 Ng6 8. Nc4
Be7 9. a4 Qc7 10. Re1 Bd7 11. Be4 Rd8 12. d3 h6 13. h4 dxc3 14. bxc3 Na5 15.
Nxa5 Qxa5 16. h5 Nf8 17. Bxb7 Qxc3 18. Be3 Nh7 19. Qe2 Ng5 20. Bd2 Nxf3+ 21.
Bxf3 Qd4 22. Rac1 Qxa4 23. Rc4 Qa6 24. Rg4 Bb5 25. Rxg7 Bxd3 26. Qe3 Kf8 27. Rg3
Bf5 28. Be2 Qa4 29. Rc1 Rd4 30. Qc3 Qd7 31. Be3 Rd5 32. Qb2 Qc7 33. Bf3 Rd3 34.
Bxc5 Bxc5 35. Rxc5 Qxc5 36. Qb8+ Ke7 37. Qxh8 Qc1+ 38. Kh2 Qf4 39. Qf6+ Kf8 40.
Qh8+ Ke7 41. Qf6+ Kf8 42. Bc6 Rxg3 43. fxg3 Qg5 44. Qh8+ Qg8 45. Qxh6+ Qg7 46.
Qe3 Kg8 47. Bf3 a5 48. Qf4 1/2-1/2

[Event "TCh-FRA Top 12 2018"]
[Site "Brest FRA"]
[Date "2018.05.29"]
[Round "4.1"]
[Board "6"]
[White "Bellahcene, Bilel"]
[Black "Sebag, Marie"]
[Result "0-1"]
[WhiteTitle "GM"]
[BlackTitle "GM"]
[WhiteElo "2488"]
[BlackElo "2486"]
[WhiteTeam "Tremblay en France"]
[BlackTeam "GRASSE Echecs"]
[WhiteFideId "696358"]
[BlackFideId "617822"]
[EventDate "2018.05.26"]

1. e4 c5 2. Nf3 d6 3. d4 cxd4 4. Nxd4 Nf6 5. Nc3 a6 6. Bg5 e6 7. f4 h6 8. Bh4
Qb6 9. a3 Be7 10. Bf2 Qc7 11. Qf3 b5 12. O-O-O Bb7 13. g4 Nbd7 14. h4 Nc5 15.
Bd3 h5 16. g5 Ng4 17. Rhg1 g6 18. Rxg4 hxg4 19. Qxg4 e5 20. Nf3 exf4 21. Qxf4
Rc8 22. Kb1 Nxd3 23. Rxd3 a5 24. Bd4 Rf8 25. Qd2 b4 26. Nd5 Bxd5 27. exd5 Qb7
28. axb4 axb4 29. Qe2 Kd7 30. Nd2 Qxd5 31. Ne4 Rc4 32. Nf6+ Bxf6 33. Bxf6 Qh1+
34. Rd1 Qe4 35. Qd2 Rc6 36. Re1 Rxc2 37. Qxd6+ Kxd6 38. Rxe4 Rfc8 39. Rxb4 R2c4
40. Rb7 R8c7 41. Rb6+ Kc5 42. Rb3 Rxh4 43. Rf3 Rd7 44. Rc3+ Rc4 45. Ra3 Kb5 46.
Rb3+ Rb4 47. Re3 Rf4 48. Rb3+ Kc4 49. Ra3 Rf5 50. Rc3+ Kb4 51. Ra3 Rfd5 52. Ka2
Kb5 53. Ra8 Rd3 54. Rb8+ Kc6 55. Ra8 Kb6 56. Rb8+ Rb7 57. Re8 Ra7+ 58. Kb1 Kc6
59. Kc2 Rf3 60. Re4 Rd7 61. Ra4 Kb5 62. Re4 Rd6 63. Re5+ Kb6 64. Be7 Rc6+ 65.
Kb1 Re6 66. Bd8+ Kc6 67. Ra5 Kd7 0-1

[Event "TCh-FRA Top 12 2018"]
[Site "Brest FRA"]
[Date "2018.05.29"]
[Round "4.1"]
[Board "7"]
[White "Wirig, Anthony"]
[Black "Flom, Gabriel"]
[Result "1/2-1/2"]
[WhiteTitle "GM"]
[BlackTitle "IM"]
[WhiteElo "2504"]
[BlackElo "2501"]
[WhiteTeam "GRASSE Echecs"]
[BlackTeam "Tremblay en France"]
[WhiteFideId "615013"]
[BlackFideId "621650"]
[EventDate "2018.05.26"]

1. Nf3 Nf6 2. g3 b6 3. Bg2 Bb7 4. O-O e6 5. b3 Be7 6. Bb2 c5 7. c4 O-O 8. Nc3 a6
9. d4 cxd4 10. Qxd4 d6 11. Rfd1 Nbd7 12. Qe3 Qc7 13. Nd4 Bxg2 14. Kxg2 Qb7+ 15.
Qf3 Qxf3+ 16. Nxf3 1/2-1/2

[Event "TCh-FRA Top 12 2018"]
[Site "Brest FRA"]
[Date "2018.05.29"]
[Round "4.1"]
[Board "8"]
[White "Aflalo, Sophie"]
[Black "Navrotescu, Andreea-Cristiana"]
[Result "1-0"]
[BlackTitle "WIM"]
[WhiteElo "2104"]
[BlackElo "2175"]
[WhiteTeam "Tremblay en France"]
[BlackTeam "GRASSE Echecs"]
[WhiteFideId "656887"]
[BlackFideId "675946"]
[EventDate "2018.05.26"]

1. d4 e6 2. e4 d5 3. e5 c5 4. c3 Nc6 5. Nf3 Nge7 6. a3 Nf5 7. b4 cxd4 8. cxd4
Qb6 9. Bb2 Bd7 10. Be2 Be7 11. h4 f6 12. b5 O-O 13. g4 Nfxd4 14. Nxd4 fxe5 15.
bxc6 Qxb2 16. cxd7 exd4 17. Nd2 Rad8 18. Bd3 Qc3 19. Rh3 Qc7 20. Qe2 Qxd7 21.
Nf3 Rf4 22. Ng5 Bxg5 23. hxg5 g6 24. Kf1 Rdf8 25. Re1 e5 26. Qxe5 Rxf2+ 27. Kg1
Qxg4+ 28. Rg3 Qd7 29. Rc1 Qf7 30. Qxd4 Rf4 31. Qxa7 Qg7 32. Qe3 Kh8 33. Re1 Ra4
34. Bc2 d4 35. Qe5 Qxe5 36. Rxe5 Rc4 37. Bb3 Rc1+ 38. Kg2 Rd8 39. Re7 Ra1 40.
Rd3 Rxa3 41. Rxd4 Rb8 42. Bd1 Ra5 43. Rdd7 Rxg5+ 44. Kh3 Rb5 45. Rxh7+ Kg8 46.
Bf3 Ra8 47. Rhg7+ Kf8 48. Rxg6 Ra3 49. Rf6+ Ke8 50. Rg7 Rb4 51. Kg3 Rc3 52. Rf5
Rd3 53. Rh7 Rd7 54. Rh8+ Ke7 55. Bd5 Kd6 56. Rh6+ Kc7 57. Re6 Kb8 58. Kf3 Rc7
59. Be4 Rcc4 60. Rfe5 Rc1 61. Re8+ Ka7 62. Kf4 Rf1+ 63. Kg5 Rf2 64. Bf5 Rb6 65.
Ra5+ Ra6 66. Rd5 Rc6 67. Re7 Ka6 68. Bd3+ Ka7 69. Be4 Rc1 70. Bf5 Kb6 71. Rdd7
Rc5 72. Rxb7+ Ka6 73. Ra7+ Kb6 74. Rab7+ Ka6 75. Ra7+ Kb6 76. Reb7+ Kc6 77. Rf7
Kb6 78. Rab7+ Ka6 79. Rb8 Rf1 80. Rf6+ Ka5 81. Rb7 Rf2 82. Kg6 Rf4 83. Rb1 Rb4
84. Ra1+ Ra4 85. Rd1 Kb4 86. Rb6+ Kc3 87. Rd3+ Kc4 88. Rbd6 Rb4 89. R6d4+ Kb5
90. Bd7+ 1-0

[Event "TCh-FRA Top 12 2018"]
[Site "Brest FRA"]
[Date "2018.05.29"]
[Round "4.2"]
[Board "1"]
[White "Kosten, Anthony C."]
[Black "Van Foreest, Jorden"]
[Result "1/2-1/2"]
[WhiteTitle "GM"]
[BlackTitle "GM"]
[WhiteElo "2448"]
[BlackElo "2638"]
[WhiteTeam "C.E.M.C. Monaco"]
[BlackTeam "CLICHY Echecs 92"]
[WhiteFideId "400114"]
[BlackFideId "1039784"]
[EventDate "2018.05.26"]

1. c4 c6 2. Nf3 d5 3. e3 Nf6 4. Nc3 a6 5. d4 Bf5 6. Bd3 Bg6 7. O-O e6 8. Qe2 Bb4
9. Bd2 Bxc3 10. Bxc3 O-O 11. a4 Nbd7 12. Bxg6 hxg6 13. b3 Ne4 14. Bb2 Qb6 15. a5
Qxb3 16. c5 e5 17. Nxe5 Nxe5 18. dxe5 Qb5 19. Qc2 Qxc5 20. Qxc5 Nxc5 21. Ba3 Nb3
22. Rab1 Nd2 23. Bxf8 Nxb1 24. Rxb1 Kxf8 25. Rxb7 d4 26. exd4 Rd8 27. g3 Rxd4
28. Ra7 Rd5 29. Rxa6 Rxe5 30. Ra7 g5 31. Kg2 g4 32. h3 gxh3+ 33. Kxh3 g6 34. Kg4
Re4+ 35. Kf3 Ra4 36. a6 Kg7 37. Ke3 Kf6 38. Kd3 Ke6 39. Kc3 f5 40. Kb3 Ra1 41.
Kb4 Kd5 42. Rd7+ Ke6 43. Ra7 Kd5 44. Rd7+ Ke5 1/2-1/2

[Event "TCh-FRA Top 12 2018"]
[Site "Brest FRA"]
[Date "2018.05.29"]
[Round "4.2"]
[Board "2"]
[White "Kosteniuk, Alexandra"]
[Black "Efimov, Igor"]
[Result "1-0"]
[WhiteTitle "GM"]
[BlackTitle "GM"]
[WhiteElo "2555"]
[BlackElo "2413"]
[WhiteTeam "CLICHY Echecs 92"]
[BlackTeam "C.E.M.C. Monaco"]
[WhiteFideId "4128125"]
[BlackFideId "806404"]
[EventDate "2018.05.26"]

1. e4 c5 2. Nf3 Nc6 3. Bb5 Nf6 4. Bxc6 bxc6 5. e5 Nd5 6. O-O g6 7. c4 Nc7 8. d4
Ba6 9. b3 cxd4 10. Qxd4 Bg7 11. Qh4 h6 12. Nc3 Ne6 13. Rd1 Qc7 14. Ba3 Ng5 15.
Re1 Nxf3+ 16. gxf3 g5 17. Qd4 Bb7 18. Rad1 Rc8 19. Ne4 c5 20. Bxc5 Qc6 21. Ba3
d6 22. Nxd6+ exd6 23. exd6+ Kf8 24. d7+ Kg8 25. dxc8=Q+ Bxc8 26. Qe4 Qc7 27. Bd6
Qa5 28. Qe8+ Kh7 29. Qxf7 Rg8 30. Re7 1-0

[Event "TCh-FRA Top 12 2018"]
[Site "Brest FRA"]
[Date "2018.05.29"]
[Round "4.2"]
[Board "3"]
[White "Ribbegren, Karl Johan"]
[Black "Tregubov, Pavel V."]
[Result "0-1"]
[BlackTitle "GM"]
[WhiteElo "2222"]
[BlackElo "2578"]
[WhiteTeam "C.E.M.C. Monaco"]
[BlackTeam "CLICHY Echecs 92"]
[WhiteFideId "5400040"]
[BlackFideId "4115341"]
[EventDate "2018.05.26"]

1. g3 c5 2. Bg2 Nc6 3. d3 d5 4. Nf3 e5 5. O-O Nf6 6. Na3 Be7 7. e4 O-O 8. exd5
Nxd5 9. Nc4 f6 10. Re1 Bg4 11. c3 Kh8 12. h3 Bh5 13. Qe2 Qc7 14. Ne3 Nxe3 15.
Bxe3 f5 16. Bc1 c4 17. Qf1 cxd3 0-1

[Event "TCh-FRA Top 12 2018"]
[Site "Brest FRA"]
[Date "2018.05.29"]
[Round "4.2"]
[Board "4"]
[White "Fressinet, Laurent"]
[Black "Dornbusch, Tatiana"]
[Result "1-0"]
[WhiteTitle "GM"]
[BlackTitle "WGM"]
[WhiteElo "2651"]
[BlackElo "2290"]
[WhiteTeam "CLICHY Echecs 92"]
[BlackTeam "C.E.M.C. Monaco"]
[WhiteFideId "608742"]
[BlackFideId "14107449"]
[EventDate "2018.05.26"]

1. Nf3 Nf6 2. g3 g6 3. Bg2 Bg7 4. c4 d6 5. Nc3 e5 6. d4 Nc6 7. dxe5 Nxe5 8. O-O
O-O 9. b3 Nxf3+ 10. exf3 Nd5 11. cxd5 Bxc3 12. Bh6 Re8 13. Rc1 Qf6 14. Bg5 Qd4
15. Qc2 Ba5 16. Rfd1 Qg7 17. Be3 Bf5 18. Qc4 f6 19. Bf1 Bb6 20. Bxb6 cxb6 21. g4
Bc8 22. Qb4 Rd8 23. Re1 h5 24. h3 f5 25. g5 f4 26. Qxf4 Bf5 27. Re3 Rd7 28. Rce1
Rf8 29. Re8 Qf7 30. Rxf8+ Kxf8 31. Bb5 Rd8 32. Qd4 Kg8 33. h4 Bh3 34. Re3 Rf8
35. Bd3 Bd7 36. Qb4 Qf4 37. Qxf4 Rxf4 38. Bxg6 Kf8 39. Re4 Rxf3 1-0

[Event "TCh-FRA Top 12 2018"]
[Site "Brest FRA"]
[Date "2018.05.29"]
[Round "4.2"]
[Board "5"]
[White "Meylan, Andre"]
[Black "Delorme, Axel"]
[Result "0-1"]
[BlackTitle "GM"]
[WhiteElo "2179"]
[BlackElo "2527"]
[WhiteTeam "C.E.M.C. Monaco"]
[BlackTeam "CLICHY Echecs 92"]
[WhiteFideId "1301225"]
[BlackFideId "632023"]
[EventDate "2018.05.26"]

1. e4 e5 2. Nf3 Nc6 3. Nc3 Nf6 4. d4 exd4 5. Nxd4 Bc5 6. Be3 Bb6 7. Nxc6 bxc6 8.
Bxb6 axb6 9. Bd3 O-O 10. O-O d6 11. Re1 Ra5 12. a4 Ng4 13. h3 Ne5 14. Bf1 Qf6
15. b4 Ra7 16. Qd2 g5 17. Qe3 Bd7 18. a5 Rfa8 19. axb6 Rxa1 20. b7 R1a3 21.
bxa8=Q+ Rxa8 22. b5 Kg7 23. bxc6 Bxc6 24. Nd5 Bxd5 25. exd5 h5 26. Be2 h4 27.
Rb1 Ra5 28. Qe4 Qg6 29. Qxg6+ Kxg6 30. c4 Kf5 31. g3 Ke4 32. gxh4 gxh4 33. Rb7
Rc5 34. Rb8 Nxc4 35. Rh8 Ne5 36. Rxh4+ Kxd5 37. Kg2 Rc2 38. Ba6 c5 39. Rh8 c4
40. Kg3 Rb2 41. Bc8 c3 42. Bf5 0-1

[Event "TCh-FRA Top 12 2018"]
[Site "Brest FRA"]
[Date "2018.05.29"]
[Round "4.2"]
[Board "6"]
[White "Hamdouchi, Hicham"]
[Black "Meylan, Pierre"]
[Result "1-0"]
[WhiteTitle "GM"]
[WhiteElo "2580"]
[BlackElo "2055"]
[WhiteTeam "CLICHY Echecs 92"]
[BlackTeam "C.E.M.C. Monaco"]
[WhiteFideId "9000011"]
[BlackFideId "1306626"]
[EventDate "2018.05.26"]

1. d4 Nf6 2. Bf4 c5 3. d5 d6 4. Nc3 e5 5. Bc1 Be7 6. e4 O-O 7. Bc4 Ne8 8. Nge2
f5 9. f4 Nd7 10. exf5 Nb6 11. Bd3 Bxf5 12. Bxf5 Rxf5 13. O-O Nc7 14. Ng3 Rf7 15.
Nge4 exf4 16. Bxf4 Qf8 17. g3 Rf5 18. Qe2 Ncxd5 19. Nxd5 Nxd5 20. Bd2 Rxf1+ 21.
Rxf1 Nf6 22. Ng5 Re8 23. Qe6+ Kh8 24. Nf7+ Kg8 25. Nxd6+ 1-0

[Event "TCh-FRA Top 12 2018"]
[Site "Brest FRA"]
[Date "2018.05.29"]
[Round "4.2"]
[Board "7"]
[White "Van Hoolandt, Patrick"]
[Black "Barbot, Pierre1"]
[Result "1/2-1/2"]
[WhiteTitle "FM"]
[BlackTitle "IM"]
[WhiteElo "2086"]
[BlackElo "2421"]
[WhiteTeam "C.E.M.C. Monaco"]
[BlackTeam "CLICHY Echecs 92"]
[WhiteFideId "200999"]
[BlackFideId "663727"]
[EventDate "2018.05.26"]

1. d4 Nf6 2. c4 e6 3. Nf3 Bb4+ 4. Bd2 Qe7 5. g3 Nc6 6. Nc3 O-O 7. Bg2 d5 8. cxd5
exd5 9. O-O Re8 10. Re1 Bg4 11. Bg5 Rad8 12. Rc1 h6 13. Bxf6 Qxf6 14. a3 Bf8 15.
e3 Qf5 16. Nh4 Qd7 17. Qb3 g5 18. Nxd5 Qd6 19. Qxb7 Nb8 20. Rxc7 gxh4 21. Rxf7
Rd7 22. Rxd7 Nxd7 23. Nf4 hxg3 24. hxg3 Qb6 25. Qxb6 Nxb6 26. Nd5 Kf7 27. Nxb6
axb6 28. Rc1 Rc8 29. Rxc8 Bxc8 30. f4 Bg7 31. Kf2 Bg4 32. Ke1 Kg6 33. b4 Bf6 34.
Bc6 h5 35. Kd2 h4 36. gxh4 Bxh4 37. a4 Be7 38. Kc3 Bh4 39. Be4+ Kf7 40. Bd3 Be6
41. Bc4 Be1+ 42. Kb3 Bd2 43. f5 Bxc4+ 44. Kxc4 Bxe3 45. a5 bxa5 46. bxa5 Bf4 47.
Kd5 Bc7 48. a6 Bb6 49. Ke4 Ke7 50. Ke5 Bc7+ 51. Kd5 Bb6 52. Ke5 Bc7+ 53. Ke4 Bb6
54. d5 Kd6 55. f6 Bc5 56. f7 Ke7 57. Kd3 Kxf7 58. Kc4 Bf2 59. Kb5 Ke7 60. Kc6
Kd8 1/2-1/2